| 000 | 00743nam a22002297a 4500 | ||
|---|---|---|---|
| 999 |
_c319 _d319 |
||
| 003 | AR-CdUCM | ||
| 008 | 190220b ||||| |||| 00| 0 spa d | ||
| 020 | _a9972-31-035-3 | ||
| 040 |
_aMUNICIPALIDAD PROVINCIAL DEL CUSCO _cBIBLIOTECA MUNICIPAL DEL CUSCO |
||
| 082 |
_a858.14 / _bD26 |
||
| 100 |
_aBoccaccio, Giovanni _91305 |
||
| 245 |
_aDecamerón : selección / _cGiovanni Boccaccio |
||
| 260 |
_aLima : _bInformática Brasa Ediciones, _c2004. |
||
| 300 |
_a186 páginas ; _c20 cm. |
||
| 440 |
_aPopulibros. Biblioteca de clásicos universales ; _n3 _91306 |
||
| 500 | _aBibliografía: p. [187] | ||
| 650 |
_aCuentos italianos _91307 |
||
| 650 |
_aSiglo XIV _91308 |
||
| 650 |
_aAdaptaciones. _91309 |
||
| 942 |
_2ddc _cLIBROS |
||
| 945 | _arac | ||